Treating the elderly / (Record no. 6733)
[ view plain ]
| 000 -LEADER | |
|---|---|
| fixed length control field | 00881nam a22002532 4500 |
| 001 - CONTROL NUMBER | |
| control field | 0000004932 |
| 005 - DATE AND TIME OF LATEST TRANSACTION | |
| control field | 20151217151946.0 |
| 008 - FIXED-LENGTH DATA ELEMENTS--GENERAL INFORMATION | |
| fixed length control field | 070604s xx 000 0 eng d |
| 020 ## - INTERNATIONAL STANDARD BOOK NUMBER | |
| International Standard Book Number | 0787902195 : |
| 040 ## - CATALOGING SOURCE | |
| Original cataloging agency | KABU |
| Transcribing agency | KABU |
| 050 #0 - LIBRARY OF CONGRESS CALL NUMBER | |
| Classification number | RC451.4 |
| Item number | .T74 1996 |
| 245 10 - TITLE STATEMENT | |
| Title | Treating the elderly / |
| Statement of responsibility, etc. | Javaid I. Sheikh, editor; Irvin D. Yalom, general editor. |
| 260 ## - PUBLICATION, DISTRIBUTION, ETC. (IMPRINT) | |
| Place of publication, distribution, etc. | San Francisco : |
| Name of publisher, distributor, etc. | Jossey-Bass Publishers, |
| Date of publication, distribution, etc. | 1996. |
| 300 ## - PHYSICAL DESCRIPTION | |
| Extent | xxi, 264 p. |
| 650 #0 - SUBJECT ADDED ENTRY--TOPICAL TERM | |
| Topical term or geographic name as entry element | Geriatric psychiatry. |
| -- | 0000155904 |
| 700 1# - ADDED ENTRY--PERSONAL NAME | |
| Personal name | Sheikh, Javaid I. |
| -- | 0000155905 |
| 700 1# - ADDED ENTRY--PERSONAL NAME | |
| Personal name | Yalom, Irvin D. |
| -- | 0000155906 |
| 908 ## - PUT COMMAND PARAMETER (RLIN) | |
| Put command parameter | 070604 |
| 950 ## - LOCAL HOLDINGS (RLIN) | |
| -- | 1 |
| Withdrawn status | Lost status | Source of classification or shelving scheme | Not for loan | Home library | Current library | Date acquired | Total Checkouts | Full call number | Barcode | Date last seen | Price effective from | Koha item type |
|---|---|---|---|---|---|---|---|---|---|---|---|---|
| Library of Congress Classification | Kabarak, Main Campus | Kabarak, Main Campus | 17/12/2015 | RC451.4 .T74 1996 | 006652 | 17/12/2015 | 17/12/2015 | General Collection | ||||
| Library of Congress Classification | Kabarak, Main Campus | Kabarak, Main Campus | 17/12/2015 | RC451.4 .T74 1996 | 006653 | 17/12/2015 | 17/12/2015 | General Collection | ||||
| Library of Congress Classification | Kabarak, Main Campus | Kabarak, Main Campus | 17/12/2015 | RC451.4 .T74 1996 | 006654 | 17/12/2015 | 17/12/2015 | General Collection | ||||
| Library of Congress Classification | Kabarak, Main Campus | Kabarak, Main Campus | 17/12/2015 | RC451.4 .T74 1996 | 006655 | 17/12/2015 | 17/12/2015 | General Collection |